000 02636cam a2200265 4500500
005 20251228073526.0
041 _afre
042 _adc
100 1 0 _aMichel, Régis
_eauthor
245 0 0 _aUn théâtre sans divan : l'inconscient de la scène. Freud et la révolution théâtrale
260 _c2012.
500 _a65
520 _aRésuméL’inconscient, chez Freud, est un théâtre que le rêve met en scène, comme en atteste la Traumdeutung. Le théâtre occidental a fait, depuis la guerre, sa révolution freudienne : théâtre sans divan qui décline sans répit les tableaux vivants de la pulsion de mort. Grotowski invente l’analyse corporelle où ne subsiste que le corps de l’acteur. Kantor va plus loin : il tue l’acteur, créature trop humaine, et lui substitue des pantins. Mais ce n’est pas encore assez. Brus, à Vienne, fait de sa propre mort, fût-elle symbolique, un supplice rituel où le corps se liquéfie dans un ruisseau de sang. Mort de l’auteur ? Il ne reste plus, chez Jarzyna, l’enfant terrible de la scène polonaise, qu’un théâtre des pulsions, qui n’a plus rien de théâtral, et plus grand-chose d’humain. L’inconscient n’est plus une scène, comme chez Freud : c’est la scène désormais qui est l’inconscient…
520 _aThe unconscious, with Freud, is a theatre staged by dreams, as attested by the Traumdeutung. Western theatre, since the war, has performed a Freudian revolution: a theatre with no couch, endlessly showing the living pictures of the death instinct. Grotowski invented body analysis where all that remains is the body of the actor. Kantor went further: he killed the actor, a creature too human, and replaced him with puppets. But this was still not enough. Brus, in Vienna, made of his own death (albeit symbolic) a ritualistic torture whereby the body liquefies in a stream of blood. Death of the author? With Jarzyna, the “enfant terrible” of the Polish stage, there is nothing left but a theatre of instincts, which no longer shows anything theatrical, and not much human. The unconscious is no longer a stage as with Freud: it is now the stage which is the unconscious…
690 _aCorps sans organes
690 _aSchizo-analyse
690 _aThéâtre de la mort
690 _aThéâtre pauvre
690 _aBody without organs
690 _aPoor theatre
690 _aSchizo-analysis
690 _aTheatre of death
786 0 _nSavoirs et clinique | 15 | 1 | 2012-04-01 | p. 128-138 | 1634-3298
856 4 1 _uhttps://shs.cairn.info/revue-savoirs-et-cliniques-2012-1-page-128?lang=fr&redirect-ssocas=7080
999 _c1595376
_d1595376